=LDR 00000nam 2200000 4500 =001 INLIS000000000051767 =005 20180308113419 =035 ##$$a 0010-1217000007 =007 ta =008 180308################e##########e#ind## =100 #$$a Suradi =245 1#$$a pendidikan antikorupsi /$c Suradi =250 ##$$a Cet. 1 =260 ##$$a Yogyakarta :$b Gava Media,$c 2014 =300 ##$$a xiv, 298 hlm. ; $c 23 cm =020 ##$$a 978-602-7869-54-7 =082 ##$$a 364.132 3 =084 ##$$a 364.132 3 SUR p =990 ##$$a 56798101 =990 ##$$a 45678910 =990 ##$$a 34567890 =990 ##$$a 23456789 =990 ##$$a 12345678 =990 ##$$a 21705364 =990 ##$$a 56798101 =990 ##$$a 45678910 =990 ##$$a 34567890 =990 ##$$a 23456789 =990 ##$$a 15921592 =990 ##$$a 01201901592 =990 ##$$a 56798101 =990 ##$$a 45678910 =990 ##$$a 34567890 =990 ##$$a 23456789 =990 ##$$a 21705364 =990 ##$$a 02280228 =990 ##$$a 1202001440 =990 ##$$a 56798101 =990 ##$$a 45678910 =990 ##$$a 34567890 =990 ##$$a 23456789 =990 ##$$a 21705364 =990 ##$$a 01201901592 =990 ##$$a 11841184 =990 ##$$a 21705365 =990 ##$$a 56798101 =990 ##$$a 45678910 =990 ##$$a 34567890 =990 ##$$a 23456789 =990 ##$$a 21705364 =990 ##$$a 01201901592 =990 ##$$a 1202001440 =990 ##$$a 02980298 =990 ##$$a 21705362 =990 ##$$a 56798101 =990 ##$$a 45678910 =990 ##$$a 34567890 =990 ##$$a 23456789 =990 ##$$a 21705364 =990 ##$$a 01201901592 =990 ##$$a 1202001440 =990 ##$$a 21705365